Towns in Africa / (Record no. 13244)
[ view plain ]
| 000 -LEADER | |
|---|---|
| fixed length control field | 00534nam a22001932 4500 |
| 001 - CONTROL NUMBER | |
| control field | 0000009715 |
| 005 - DATE AND TIME OF LATEST TRANSACTION | |
| control field | 20151217155842.0 |
| 008 - FIXED-LENGTH DATA ELEMENTS--GENERAL INFORMATION | |
| fixed length control field | 081119s xx 000 0 eng d |
| 040 ## - CATALOGING SOURCE | |
| Original cataloging agency | KABU |
| Transcribing agency | KABU |
| 100 1# - MAIN ENTRY--PERSONAL NAME | |
| Personal name | Oram, Nigel. |
| -- | 0000161469 |
| 245 10 - TITLE STATEMENT | |
| Title | Towns in Africa / |
| Statement of responsibility, etc. | Nigel Oram. |
| 250 ## - EDITION STATEMENT | |
| Edition statement | 1st ed. |
| 260 ## - PUBLICATION, DISTRIBUTION, ETC. (IMPRINT) | |
| Place of publication, distribution, etc. | London : |
| Name of publisher, distributor, etc. | O. U. P., |
| Date of publication, distribution, etc. | 1965. |
| 300 ## - PHYSICAL DESCRIPTION | |
| Extent | 98 p. |
| 650 #0 - SUBJECT ADDED ENTRY--TOPICAL TERM | |
| Topical term or geographic name as entry element | Cities and towns |
| Geographic subdivision | Africa. |
| -- | 0000158189 |
| 852 1# - LOCATION | |
| -- | p 100 KES |
| 908 ## - PUT COMMAND PARAMETER (RLIN) | |
| Put command parameter | 081119 |
| 950 ## - LOCAL HOLDINGS (RLIN) | |
| -- | 1 |
| Withdrawn status | Lost status | Source of classification or shelving scheme | Not for loan | Home library | Current library | Date acquired | Total Checkouts | Full call number | Barcode | Date last seen | Price effective from | Koha item type |
|---|---|---|---|---|---|---|---|---|---|---|---|---|
| Library of Congress Classification | Kabarak, Main Campus | Kabarak, Main Campus | 17/12/2015 | HT148 .A35O73 c. 1 | 15572 | 17/12/2015 | 17/12/2015 | Africana Collection |